Guess all Harry Styles songs - Statistics

General Stats
  • This quiz has been taken 21 times
  • The average score is 20 of 36
Answer Stats
Answer % Correct
Fine Line
88%
As It Was
81%
Watermelon Sugar
81%
Golden
75%
Sign of the Times
75%
Late Night Talking
69%
Lights Up
69%
Two Ghosts
69%
Adore You
63%
Cherry
63%
Falling
63%
Kiwi
63%
She
63%
Treat People With Kindness
63%
Daylight
56%
Ever Since New York
56%
From the Dining Table
56%
Grapejuice
56%
Keep Driving
56%
Meet Me in the Hallway
56%
Only Angel
56%
Sunflower Vol. 6
56%
Sweet Creature
56%
Woman
56%
Canyon Moon
50%
Cinema
50%
Love Of My Life
50%
Carolina
44%
Daydreaming
44%
To Be So Lonely
44%
Little Freak
38%
Matilda
38%
Sattelite
38%
Girl Crush
31%
Music For a Sushi Resturant
13%
Boyfreinds
6%
No matching quizzes found
Score Distribution
Percent of People with Each Score
Percentile by Number Answered
Your Score History
You have not taken this quiz